Juhász Gyula emlékest

Elmentve itt :
Bibliográfiai részletek
Dokumentumtípus: Cikk
Megjelent: 1967-04-08
Sorozat:Délmagyarország 57 No. 82
Kulcsszavak:Juhász Gyula, Kedvessy György, Illyés Gyula, Siklós János, Papp Gyula, Demjén Gyöngyvér, Kemény Klió, Kovács János, Mentes József, Szabó Kálmán, Mihálka György, Szalay Miklós, Korényi Elemérné, Irodalmi élet emlékest Szeged 1967
Online Access:http://dmarchiv.bibl.u-szeged.hu/62170
LEADER 00630nab a2200145 i 4500
001 delm62170
005 20180927151324.0
008 180927s1967 hu o 0|| hun d
040 |a SZTE Délmagyarország Archívum  |b hun 
041 |a hun 
245 0 0 |a Juhász Gyula emlékest  |h [elektronikus dokumentum] 
260 |c 1967-04-08 
300 |a 5 
490 0 |a Délmagyarország  |v 57 No. 82 
695 |a Juhász Gyula, Kedvessy György, Illyés Gyula, Siklós János, Papp Gyula, Demjén Gyöngyvér, Kemény Klió, Kovács János, Mentes József, Szabó Kálmán, Mihálka György, Szalay Miklós, Korényi Elemérné, Irodalmi élet emlékest Szeged 1967